| 000 | 00552nam a2200169 a 4500 | ||
|---|---|---|---|
| 001 | 7315 | ||
| 003 | CO-ViMGA | ||
| 008 | 141112s2004 ck r 000 u spa d | ||
| 040 |
_aCO-ViMGA _bspa _cCO-ViMGA |
||
| 082 | 0 | 4 | _a664.9 G837 |
| 100 | 1 |
_aGuerrero Legarreta, Isabel _96531 |
|
| 245 | 1 | 0 |
_aTecnología de carnes : _belaboración y preservación de productos cárnicos / _cGuerrero Legarreta Isabel , Arteaga Martínez Mario Ricardo |
| 260 |
_aMexico : _bTrillas, _c1996 |
||
| 300 | _a94 p | ||
| 650 | 1 | 4 |
_aCARNES - TECNOLOGIA _951024 |
| 942 |
_2ddc _cBK |
||
| 999 |
_c19274 _d19274 |
||